000 00701nam a2200289Ia 4500
005 20260324144415.0
008 008 260324s9999 xx 000 0 eng d
020 _a9780429304583
037 _aEBOOK
040 _aCRL
040 _beng
040 _cCRL
041 _2eng
041 _aeng
084 _qCRL
100 _aJ. Donald Moon; J Donald Moon
_91219210
245 0 _aResponsibility, Rights, And Welfare
245 4 _bThe Theory Of The Welfare State
260 _bTaylor and Francis
260 _c1988
365 _a
365 _b230
856 _uhttp://www.taylorfrancis.com/books/9780429304583
942 _cEBOOK
999 _c1825787
_d1825787